| 000 | 01153cam a22003011i 4500 | ||
|---|---|---|---|
| 003 | SA-RiAUC | ||
| 005 | 20250715063815.0 | ||
| 008 | 250714q19001999su o g b 00010 ara c | ||
| 040 |
_aKAPL _bara _cSA-RiAUC _erda |
||
| 043 | _aa-su--- | ||
| 050 | 4 | _bK85 1900z | |
| 072 | 7 | _a096 | |
| 082 | 0 | 4 |
_a953.111 _qSA-RiAUC |
| 090 |
_a953.111 _bك ل ي |
||
| 100 | 1 |
_aالكليب، فهد بن عبد العزيز بن أحمد، _d1384 هجري- _eمؤلف. |
|
| 245 | 1 | 0 |
_aالرياض / _cفهد بن عبد العزيز الكليب. |
| 250 | _aالطبعة الأولى. | ||
| 264 | 1 |
_aالرياض : _bفهد بن عبد العزيز بن أحمد الكليب، _c[بين 1900 و1999] |
|
| 300 |
_a148 صفحة : _bإيضاحيات، صور ؛ _c24 سم |
||
| 336 |
_aنص _btxt _2rdacontent _3كتاب |
||
| 337 |
_aبدون وسيط _bn _2rdamedia |
||
| 338 |
_aمجلد _bnc _2rdacarrier |
||
| 504 | _aبيبليوجرافية : 143-145. | ||
| 651 | 7 |
_aالرياض (السعودية) _xتاريخ _2aucsh |
|
| 651 | 7 |
_aالسعودية _xجغرافيا _2aucsh |
|
| 942 |
_2ddc _cBOOK _n0 |
||
| 949 |
_aSA-JeALM _d250714 _umohamedma123 _n1 |
||
| 999 |
_c9933 _d9933 |
||